Catálogo

PODERES EMERGENTES EN ASIA : (Registro nro. 50245)

Detalles MARC
000 -LEADER
fixed length control field 01038nam a2200193 a 4500
001 - CONTROL NUMBER
control field 50245
005 - DATE AND TIME OF LATEST TRANSACTION
control field 20180714035239.0
008 - FIXED-LENGTH DATA ELEMENTS--GENERAL INFORMATION
fixed length control field 140415s2006 sp 000 0 spa d
020 ## - INTERNATIONAL STANDARD BOOK NUMBER
International Standard Book Number 8488711891
041 ## - LANGUAGE CODE
Language code of text/sound track or separate title spa
082 ## - DEWEY DECIMAL CLASSIFICATION NUMBER
Classification number 330
Item number POD
245 00 - TITLE STATEMENT
Title PODERES EMERGENTES EN ASIA :
Remainder of title RUPTURAS Y CONTINUIDADES EN LA ECONOMIA-MUNDO
250 ## - EDITION STATEMENT
Edition statement 1a ed.
260 ## - PUBLICATION, DISTRIBUTION, ETC.
Place of publication, distribution, etc. ESPAÑA :
Name of publisher, distributor, etc. EDITORIAL HACER S.L.,
Date of publication, distribution, etc. 2006
300 ## - PHYSICAL DESCRIPTION
Extent 138
Dimensions 13.5 x 1 x 21.5
490 ## - SERIES STATEMENT
Series statement BIBLIOTECA BASICA DE HISTORIA
520 ## - SUMMARY, ETC.
Summary, etc. EL PRESENTE LIBRO TRATA EN DETALLE DEL ASCENSO DE LOS NUEVOS PODERES ASIATICOS, AL CENTRARSE EN AL ECONOMIA POLITICA DE LOS TRES GIGANTES DE ESA REGION: JAPON, CHINA E INDIA (CON UNA POBLACION CONJUNTA QUE SUPERA EL 40% DE LA MUNDIAL). COINCIDIENDO CON EL CAMBIO DE SIGLO, LA ECONOMIA GLOBAL HA EXPERIEMNTADO UN CONJUNTO COMPLEJO DE TRANSFORMACIONES QUE TODAVIA HOY, A FINALES DE 2006, SIGUEN SU CURSO. ALGUNOS DE ESTOS CAMBIOS SON TRANSFORMACIONES MENORES O, SIMPLEMENTE, ALGO ASI COMO
650 14 - SUBJECT ADDED ENTRY--TOPICAL TERM
Topical term or geographic name entry element ECONOMIA POLITICA
Existencias
Withdrawn status Lost status Source of classification or shelving scheme Damaged status Not for loan Collection code Home library Current library Shelving location Date acquired Source of acquisition Inventory number Total Checkouts Full call number Barcode Date last seen Date last checked out Price effective from Koha item type
    Dewey Decimal Classification     General Biblioteca Karol Wojtyla Biblioteca Karol Wojtyla Sala general 03/12/2013 Compra 151000000000000000054519 1 330 POD 74980 05/01/2026 13/05/2019 03/12/2013 Libro